00645nam a22001817a 450000500170000001000150001702000260003203500140005803700130007208200100008524500730009525000180016826000420018627001410022830000240036950000500039370000200044320190716161006.0 aENG-125956 a9789353436629c580.00 aEN-109488 bDBAD/PUB a338.1 aIntroduction to agricultural economics /cby John B.Penson...[et al] aSixth edition aNoida bPearson India Educationc2019 a15th Floor, Tower-B, World Trade Tower, Plot No.I, Block-C, Sector 16bNoida, Uttar Pradesh e201301mcompanysecretary.india@pearson.com axv,428p.c28cm(pbk) aIncludes bibliographical references and index aPenson, John B.